Personnages Dexter (Images) - Statistiques

Statistiques générales
  • Ce quiz a été pris 409 fois
  • Le résultat moyen est 12 sur 22
Statistiques - réponses
Par images Réponse % Correct
Dexter Morgan
100%
Debra Morgan
93%
Harry Morgan
87%
Angel Batista
78%
Rita Bennett
71%
James Doakes
69%
Maria LaGuerta
68%
Astor Bennett
62%
Brian Moser / Rudy Cooper /Tueur de glace
62%
Cody Bennett
62%
Miguel Prado
61%
Harrison Morgan
56%
Lila Murray
56%
Arthur Mitchell / Le tueur de la trinité
54%
Lumen Pierce
54%
Vince Masuka
54%
Frank Lundy
51%
Joey Quinn
41%
Hannah McKay
38%
Angela Bishop
13%
Kurt Caldwell
13%
Molly Park
5%
Aucun quiz correspondant
Distribution des résultats
% des personnes avec chaque résultat
Percentile par nombre de réponses
Votre historique - résultats
Vous n’avez pas pris ce quiz